| 000 | 00379nam a2200145Ia 4500 | ||
|---|---|---|---|
| 005 | 20251222143227.0 | ||
| 008 | 251222s9999||||xx |||||||||||||| ||spa|| | ||
| 020 | _a9786120025765 | ||
| 082 | _a900/N28 | ||
| 100 | _aNava Pittaluga, José Jorge | ||
| 245 | 0 | _aHonor y Gloria a Huara y al General José de San Martin | |
| 250 | _a1ra.ed. | ||
| 264 | _bEditor Nava | ||
| 942 | _cLIB | ||
| 999 |
_c14027 _d14027 |
||